00772cam a22002411a 450000100060000000300080000600500170001400800410003102000150007203500190008703500180010604000530012404100080017708200210018510000220020624500880022826000710031630000330038750400660042065000120048665000120049870000200051015917BD-RjUL20211208235918.0140211s1961 caua b s001 0 eng d a0520003764 a(BD-RjUL)15972 a(OCoLC)244552 aDLCcODaWUdOCoLCdMoSU-LdUkdDLCdBD-RjULbeng aeng a658.15bEDT 19611 aEdwards, Edgar O.14aThe theory and measurement of business income /c Edgar O. Edwards, Philip W. Bell. aBerkeley :bUniversity of California Press,c1961, [printing 1972] axv, 323 p. :bill. ;c24 cm. aIncludes bibliographical references (p. [293]-314) and index. 0aIncome. 0aProfit.1 aBell, Philip W.